| 000 | 00335nam a22001457a 4500 | ||
|---|---|---|---|
| 020 | _qHB. | ||
| 040 | _cFIZZA ISHAQ | ||
| 082 |
_a624.152 _bHER |
||
| 100 |
_aDAVID, L.HERBERT. _990446 |
||
| 245 |
_aMOVING THE EARTH / _cHERBERT L. DAVID. |
||
| 250 | _a5th ED. | ||
| 260 |
_aLONDON ; _c2185. |
||
| 300 | _a2185 P. ; | ||
| 942 |
_2ddc _cBK |
||
| 999 |
_c588658 _d588658 |
||